The encyclopedia of libertarianism (Record no. 481504)

MARC details
000 -LEADER
fixed length control field 01747cam a2200373 a 4500
001 - CONTROL NUMBER
control field EDZ0000019011
003 - CONTROL NUMBER IDENTIFIER
control field StDuBDS
005 - DATE AND TIME OF LATEST TRANSACTION
control field 20161031105210.0
006 - FIXED-LENGTH DATA ELEMENTS--ADDITIONAL MATERIAL CHARACTERISTICS--GENERAL INFORMATION
fixed length control field m||||||||d||||||||
007 - PHYSICAL DESCRIPTION FIXED FIELD--GENERAL INFORMATION
fixed length control field cr |||||||||||
008 - FIXED-LENGTH DATA ELEMENTS--GENERAL INFORMATION
fixed length control field 110107s2008 cau fo 001|0|eng d
020 ## - INTERNATIONAL STANDARD BOOK NUMBER
International Standard Book Number 9781412965811 (ebook) :
Terms of availability No price
040 ## - CATALOGING SOURCE
Original cataloging agency StDuBDS
Language of cataloging eng
Transcribing agency StDuBDS
Description conventions pn
049 ## - LOCAL HOLDINGS (OCLC)
Holding library Alfaisal Main Library
050 #4 - LIBRARY OF CONGRESS CALL NUMBER
Classification number JC585
082 04 - DEWEY DECIMAL CLASSIFICATION NUMBER
Classification number 320.512
Edition number 22
245 04 - TITLE STATEMENT
Title The encyclopedia of libertarianism
Medium [electronic resource] /
Statement of responsibility, etc editor-in-chief, Ronald Hamowy ; assistant editors, Jason Kuznicki, Aaron Steelman ; consulting editor, Deirdre McCloskey ; founding and consulting editor, Jeffrey D. Schultz.
260 ## - PUBLICATION, DISTRIBUTION, ETC. (IMPRINT)
Place of publication, distribution, etc Thousand Oaks, Calif. ;
-- London :
Name of publisher, distributor, etc SAGE,
Date of publication, distribution, etc c2008.
300 ## - PHYSICAL DESCRIPTION
Extent 1 online resource (xxxvii, 623 p.)
500 ## - GENERAL NOTE
General note "A project of the Cato Institute."
500 ## - GENERAL NOTE
General note "A SAGE reference publication."
520 8# - SUMMARY, ETC.
Summary, etc With 100 entries, this handbook highlights the most important topics, issues, questions and debates any student obtaining a degree in the field of education ought to have mastered. The book aims to offer more detail than encyclopedic entries but with less jargon or detail than a journal article or research handbook chapter.
521 ## - TARGET AUDIENCE NOTE
Target audience note Specialized.
588 ## -
-- Description based on print version record.
504 ## - BIBLIOGRAPHY, ETC. NOTE
Bibliography, etc Includes bibliographical references and index.
650 #0 - SUBJECT ADDED ENTRY--TOPICAL TERM
Topical term or geographic name as entry element Libertarianism
Form subdivision Encyclopedias.
655 #7 - INDEX TERM--GENRE/FORM
Genre/form data or focus term Electronic books.
Source of term local
700 1# - ADDED ENTRY--PERSONAL NAME
Personal name Hamowy, Ronald,
Dates associated with a name 1937-
710 2# - ADDED ENTRY--CORPORATE NAME
Corporate name or jurisdiction name as entry element Sage eBooks
710 2# - ADDED ENTRY--CORPORATE NAME
Corporate name or jurisdiction name as entry element Cato Institute.
776 08 - ADDITIONAL PHYSICAL FORM ENTRY
Display text Print version :
International Standard Book Number 9781412965804
856 40 - ELECTRONIC LOCATION AND ACCESS
Uniform Resource Identifier <a href="http://ezproxy.alfaisal.edu/login?url=http://sk.sagepub.com/reference/libertarianism">http://ezproxy.alfaisal.edu/login?url=http://sk.sagepub.com/reference/libertarianism</a>
942 ## - ADDED ENTRY ELEMENTS (KOHA)
Source of classification or shelving scheme Library of Congress Classification
Koha item type eBooks

No items available.

Copyright © 2020 Alfaisal University Library. All Rights Reserved.
Tel: +966 11 2158948 Fax: +966 11 2157910 Email:
librarian@alfaisal.edu